00467nam a22001577a 450000500170000001000150001702000110003203500140004303700130005708200160007010000240008624500940011026000320020427000530023630000200028920240124113119.0 aENG-138003 c750.00 aEN-121535 bDBAD/PUB a305.4209541 aBRAHMA, BHANUPRABHA aWoman of North East IndiabIssues and challengescBhanuprabha Brahma and Tejaswita Duarah aAssambEBH Publishersc2021 a136, M.L. Nehru Road, PanbazarbGuwahatie781001 a127Pc24cm(pbk)